Responses for Show #5043 - Wednesday, July 12, 2006

Contestants

[<< previous game]

Tom Waskom, a lawyer from Richmond, Virginia

Susan Matejko, a legal secretary from Kailua, Hawaii

David Nikithser, a project manager from Hightstown, New Jersey (whose 2-day cash winnings total $44,799)

[next game >>]

Jeopardy! Round responses

JUST ONE WORD... PLASTICS
HERE'S LOOKING AT "U", KID
YOU TOLKIEN TO ME?
SHOW ME THE MONKEY!
I COULDA BEEN A BARTENDER
MOVIE CATCH PHRASES
    $200 21
a dishwasher

Tom
    $200 20
utopia

David
    $200 1
a hobbit

David
    $200 5
(Susan: What's baboon?)
...
(Alex: The reason for "You know the drill" in the clue is... it's a [*].)

a mandrill

Susan
Triple Stumper
    $200 13
a martini

David
    $200 3
A League of Their Own

Susan
    $400 25
vinyl

David
    $400 22
uranium

David
    $400 2
C.S. Lewis

Tom
    $400 6
a baboon

Susan
    $400 15
Singapore

Susan
    $400 4
Poltergeist

David
    $600 26
helmets

Tom
    $600 24
usury

David
    $600 14
Beowulf

Tom
    $600 7
(Susan: What's a rebus?)
(David: What's a rhesus?)

a marmoset

DavidSusan
Triple Stumper
    $800 16
(Susan: What's a Manhattan?)

Long Island iced tea

Susan
    $600 10
(Susan: What's Hud?)
...
(Alex: Yes. Strother Martin.)

Cool Hand Luke

SusanTom
    $800 29
Styrofoam

Tom
    $800 27
universal

David
    $800 19
(Sir) Gawain

Tom
    $800 8
(Tom: What is a monk?)

a capuchin

SusanTom
    $800 17
piña coladas

Susan
    $800 11
Sunset Boulevard

Susan
    $1000 30
high-density & low-density

David
    $1000 28
Uttar Pradesh

Triple Stumper
    $1000 23
Sauron

David
    $1000 9
a proboscis monkey

David
    $1000 18
a kir

David
    $1000 12
(Alex: Yes, with Al Jolson.)

The Jazz Singer

David

Scores at the first commercial break (after clue 15):

David Susan Tom
$2,200 $1,200 $800

Scores at the end of the Jeopardy! Round:

David Susan Tom
$7,600 $1,200 $3,200

Double Jeopardy! Round responses

40 YEARS OF THE NEA
(Alex: ...National Endowment for the Arts.)
POP LYRICS
ANCIENT GREECE
I’LL SEE YOU IN COURT!
FILL IN THE OPERATIC BLANK
10-LETTER WORDS
    $400 17
(David: What's the Joffrey?)

the American Ballet Theatre

David
Triple Stumper
    $400 3
(Alex: England's [*], yes.)

rose

Susan
    $400 8
Athens

David
    $400 1
Ginsburg

Tom
    $400 23
Tell

Susan
    $400 12
a quintuplet

Tom
    $800 18
the Vietnam Memorial

David
    $800 4
"I Will Always Love You"

Tom
    $800 13
Aristotle

Tom
    $800 2
the census

David
    $800 24
Niebelung

Susan
    $800 19
the Statehouse

Triple Stumper
    $1200 27
A Prairie Home Companion

Triple Stumper
    $1200 9
"Black Or White"

David
    $1200 14
an olive

Tom
    $1200 5
(David: What’s a violation?)

a citation

David
Triple Stumper
    $1200 25
Godunov

Triple Stumper
    $2,800 20
(David: What's Jabberwock?)

Wonderland

David
    $1600 28
the AFI (the American Film Institute)

David
    $1600 10
"Opposites Attract"

Susan
    $2,000 15
(Tom: Uh, what is Olympus?)
(Alex: Oh, you picked the name of the mountain instead of the name of the place where the games were held. [*]. [*].)

Olympia

Tom
    $1600 6
embezzlement

Triple Stumper
    $1600 26
Così

David
    $1600 21
aboveboard

Susan
    $2000 30
Chicago

Susan
    $2000 11
"The Power Of Love"

David
    $2000 16
Solon

Tom
    $2000 7
(Tom: What is due speed?)

deliberate speed

Tom
Triple Stumper
    $2000 29
(David: What’s Aida?)
...
(Alex: Correct response? The only opera he wrote?)
(David: [*].)
(Alex: [*].)

Fidelio

David
Triple Stumper
    $2000 22
(David: What's reiterate?)

paraphrase

DavidSusan

Scores at the end of the Double Jeopardy! Round:

David Susan Tom
$7,600 $10,000 $4,800

[wagering suggestions for these scores]

Final Jeopardy! Round responses

PRO FOOTBALL GEOGRAPHY
(Alex: St. Louis and Kansas City... [*].)
...
(Alex: What a finish! Interesting. The lady... wins because of the wager, not because of the response.)
TomWhat is Minnesota
$4,700
DavidWhat is Florida?
$2,001
SusanWhat is Minnesota
$2,000
Missouri

Final scores:

David Susan Tom
$5,599 $8,000 $100
2nd place: $2,000 New champion: $8,000 3rd place: $1,000

Game dynamics:

Coryat scores:

David Susan Tom
$10,400 $10,800 $6,800
20 R,
6 W
(including 1 DD)
13 R,
4 W
(including 1 DD)
13 R,
3 W
(including 1 DD)

Combined Coryat: $28,000

[game clues] [game scores] [suggest correction]

Game tape date: Unknown
The J! Archive is created by fans, for fans. Scraping, republication, monetization, and malicious use prohibited; this site may use cookies and collect identifying information. See terms. The Jeopardy! game show and all elements thereof, including but not limited to copyright and trademark thereto, are the property of Jeopardy Productions, Inc. and are protected under law. This website is not affiliated with, sponsored by, or operated by Jeopardy Productions, Inc. Join the discussion at JBoard.tv.